[Event "Unterfranken-ch H2 46th"]
[Site "Karlburg"]
[Date "1995.??.??"]
[Round "?"]
[White "Gold, Frank"]
[Black "Wohlfart, Ulrich"]
[Result "0-1"]
[WhiteElo "1095"]
[BlackElo "1559"]
[PlyCount "62"]
[EventDate "1995.04.17"]
[EventType "swiss"]
[EventRounds "9"]
[EventCountry "GER"]
[SourceTitle "EXT 2015"]
[Source "ChessBase"]
[SourceDate "2014.11.20"]
[SourceVersion "1"]
[SourceVersionDate "2014.11.20"]
[SourceQuality "1"]

1. e4 e5 2. Nf3 Nc6 3. Bb5 Bc5 4. Bxc6 bxc6 5. Nxe5 Nf6 6. d3 d5 7. Nc3 Bb7 8. Bf4 Qe7 9. Qf3 0-0 10. 0-0 d4 11. Ne2 Bd6 12. Qg3 Nh5 13. Qg5 Qxg5 14. Bxg5 Bxe5 15. f4 Bd6 16. Nxd4 Bc5 17. c3 f6 18. Bh4 Rad8 19. f5 Bxd4+ 20. cxd4 Rxd4 21. Rad1 Rfd8 22. Rf3 c5 23. Bf2 Bxe4 24. Bxd4 Bxf3 25. gxf3 cxd4 26. Rc1 Nf4 27. Rd1 Rd5 28. Kf2 Rxf5 29. a4 Rg5 30. b3 Rg2+ 31. Ke1 Rxh2 0-1